| 000 | 00758cam a22002413a 4500 | ||
|---|---|---|---|
| 001 | 12513 | ||
| 003 | PGUSA | ||
| 005 | 20140828083252.0 | ||
| 008 | 040601s2004||||xxu|||||s|||||000 | eng d | ||
| 040 |
_aPGUSA _beng |
||
| 042 | _adc | ||
| 050 | 4 | _aZ | |
| 100 | 1 |
_aDewey, Melvil, _d1851-1931 |
|
| 245 | 1 | 2 |
_aA Classification and Subject Index for Cataloguing and Arranging the Books and Pamphlets of a Library _h[electronic resource] / _cMelvil Dewey |
| 260 |
_bProject Gutenberg, _c2004 |
||
| 506 | _aPublic domain in the USA. | ||
| 516 | _aElectronic text | ||
| 653 | _aClassification, Dewey decimal | ||
| 740 | 0 | _aDewey Decimal Classification | |
| 830 | 0 |
_aProject Gutenberg _v12513 |
|
| 856 | 4 | 0 | _uhttp://www.gutenberg.org/ebooks/12513 |
| 942 | _cEB | ||
| 999 |
_c241768 _d241768 |
||